000 01383nam a2200277 a 4500
001 000021101
003 DO-SdBNP
005 20211208111115.0
008 100831s1998 dr 001 0 spa d
040 _aDO-SdBNP
_bspa
_cBNPHU
082 4 _a972.9368
_bC345y
_222
100 1 _aCassó, Antonio de Jesús,
_d1928-
_927238
245 1 0 _aYuna y pueblo viejo /
_cAntonio de Jesús Cassó ; prólogo Julio Tejeda.
246 1 4 _aYuna y pueblo viejo:
_bmemoria de un hombre y su pueblo
260 _aSanto Domingo :
_bAmigo del Hogar,
_c1998.
300 _a302 p. :
_bil., retrs. ;
_c23 cm.
505 0 _aPrólogo /
_rJulio Tejeda --
_tYuna y Pueblo Viejo --
_tCanto al Yuna --
_tLos primeros recuerdos --
_tDécada de los años 1940 --
_tLa década del 1950 --
_tCasos médicos --
_tLa década de 1960 --
_tLa década de 1970 --
_tDe las décadas de los años 1980 y 1990 --
_tAspiración máxima.
650 4 _aCiudades y pueblos
_xHistoria
_zRepública Dominicana
_912424
651 4 _aSánchez Ramírez (República Dominicana)
_xHistoria local
_944120
651 4 _aSánchez Ramírez (República Dominicana)
_xVida social y costumbres
_944121
651 4 _aCotuí (República Dominicana)
_98423
651 4 _aRepública Dominicana
_xHistoria
_xAnécdotas, chistes, sátiras, etc.
_944122
700 1 _aTejeda, Julio,
_epról.
_944123
910 _aValidado. Control de calidad
942 _2ddc
_cLBS1
999 _c20603
_d20603